000 00775aam a2200289 i 4500
001 768714001
003 CO-MdFUSB
005 20251015110900.0
007 ta
008 251015t1884 -us |||| |||| 00| 0 eng d
040 _cCO-MdFUSB
041 0 _aeng
082 0 4 _223
_a251.2
_bS7723m
100 1 _aSpurgeon, C. H. (Charles Haddon) (1834-1892)
_eautor
245 1 0 _aMy sermons notes
_c/ Charles H. Spurgeon
264 1 _bFleming H. Revell,
_aEstados Unidos :
_c[1884]
264 4 _c©1884
300 _a1067 páginas
336 _atexto
_btxt
_2rdacontent
337 _2rdamedia
_asin mediación
_bn
338 _2rdacarrier
_avolumen
_bnc
563 _aPasta dura
650 0 _aPredicación
_954
942 _cBK
945 _aJTF-925
999 _c36402
_d36402